Capitali che contengono la lettera F - Statistics

Statistiche generali
  • Questo quiz è stato fatto 60 volte
  • Il punteggio medio è 3 su 6
Statistiche sulle risposte
Numero di F Capitale % Corretto
2 Funafuti
82%
1 Freetown
68%
1 Nuku'alofa
40%
1 Sofia
28%
1 Bloemfontein
26%
1 Port of Spain
22%
Nessun quiz corrispondente trovato
Distribuzione punteggi
Percentuale di utenti per punteggio
Percentile per numero di risposta
I tuoi punteggi nel tempo
Non hai fatto questo quiz